000 01053nam a2200277Ia 4500
003 OSt
005 20221005110031.0
006 a|||||r|||| 00| 0
007 ta
008 221004b |||||||| |||| 00| 0 hin d
020 _a9788126032402 (hbk)
_cINR 300.00
024 _a36986
037 _bBW/1663, 14/03/2018, Bookwell
_cTextual
040 _aCRL
_cCRL
_bhin
041 _2hin
_ahin
082 _aO152,3N30x, Q2
100 _aअवस्थी, कमलेश, संपा.
245 0 _aदेवीशंकर अवस्थी रचना संचयन
246 _aDevīshankar avasthī rachanā sanchayana
260 _aनई दिल्ली
_bसाहित्य अकादेमी भारत
_c2012
300 _a492पृ0
_ccm.
650 _a हिन्दी साहित्य
650 _aहिन्दी कहानी
942 _hO152,3N30x, Q2
_cTEXL
_2cc
999 _c1017594
_d1017594